00642cam a2200205 a 450000100060000000300080000600500170001400800410003102000150007203500190008704000350010604100080014108200220014910000210017124501100019226000370030230000270033960000490036665000210041534030BD-RjUL20211209052109.0140512s1994 bg b 000 0 eng d z9843001387 a(BD-RjUL)34124 aBD-RjULbengcBD-RjULdBD-RjUL aeng a297.63bAHH 19941 aAhmed, Giasuddin14aThe Holy Prophet's (sm) letters to the rulers, kings, emperors, chiefs and the clergy /c Giasuddin Ahmed aDhaka :bPeal Publishers,c1994. a86 p. :bfacsim. ;c2100aMuḥammad,cProphet,d-632xCorrespondence. a Giasuddin Ahmed